| 000 | 01233nam a2200241Ia 4500 | ||
|---|---|---|---|
| 003 | Ost | ||
| 005 | 20260507075227.0 | ||
| 008 | 260507s9999||||xx |||||||||||||| ||und|| | ||
| 020 | _a54603299579 | ||
| 040 | _cfsecg | ||
| 041 | _aara | ||
| 082 | _a330 | ||
| 100 |
_aجواد، شوقي ناجي _eمؤلف |
||
| 245 | 0 |
_aالمرجع المتكامل في ادارة الاستراتيجية / _c شوقي ناجي جواد |
|
| 260 |
_aعمان: _bدار الحامد, _c2009 |
||
| 300 |
_a392 صفحة؛ _bإيضاحات ؛ _c24 سم |
||
| 504 | _aمراجع ص.389 | ||
| 520 | _aالمدخل إلى ادارة الاستراتيجية ، الاسس الفكرية و الاطر الفكرية للسياسة و الاستراتيجية ، مفهوم ادارة الاستراتيجية ، البيئة و ادارة الاستراتيجية ، صياغة الاستراتيجية الادارية ، اختيار و تنفيذ الاستراتيجية الادارية ، تقييم و رقابة الاستراتيجية الادارية ، مظاهر ادارة الاستراتيجية . | ||
| 653 | _aإدارة الاعمال | ||
| 653 | _aالإدارة | ||
| 653 | _aتقييم الأداء | ||
| 942 | _cكتاب | ||
| 999 |
_c43543 _d43543 |
||